| 000 | 00551nam a2200193Ia 4500 | ||
|---|---|---|---|
| 005 | 20250326144800.0 | ||
| 008 | 250326s9999 xx 000 0 und d | ||
| 020 | _a81-86104-43-7 | ||
| 037 | _aTextbook | ||
| 040 |
_aFMSL _beng _cFMSL |
||
| 041 |
_aeng _2eng |
||
| 084 |
_aT:3(X:8) N7 _qFMSL |
||
| 100 |
_aAnderson A H _9369113 |
||
| 245 | 0 |
_aSuccessful training practice for managers _cAnderson A H |
|
| 260 |
_aNew Delhi _bNew Delhi, Beacon Books _c1997 |
||
| 300 | _a206p | ||
| 942 |
_cTB _hT:3(X:8) N7 |
||
| 999 |
_c1305035 _d1305035 |
||